00597cam a22002171 4500001001300000003000400013005001700017008004100034010001700075035002000092040001800112042001200130050002000142100002800162245005600190260001100246300005300257500001500310600003700325999001700362sa 65007669 DLC20260227112150.0890403s1962 xx 000 0 hino  asa 65007669  a(OCoLC)23564763 aDLCcMiUdDLC apremarc00aDS485.B492bF771 aGuharay, Nagendrakumar.00aḌāktāra Bidhāna Rāẏera jībana-carita. c[1962] a15, 294, [2] p.billus., facsim., ports.c23 cm. aRomanized.10aRoy, Bidhan Chandra,d1882-1962. c65283d65283